000 00287nam a2200121Ia 4500
100 _aGhanekar/V.K/ Jain J.R
942 _cBK
654 _aState Design
245 _aHand Book For Limit State Design
260 _bTata Mc Graw hill
_aNewDelhi
_c1981
300 _a763
546 _aENGLISH
999 _c33523
_d33523